Anomaly Detection (Record no. 80957)

MARC details
000 -LEADER
fixed length control field 02215namaa2200409uu 4500
001 - CONTROL NUMBER
control field doab135402
003 - CONTROL NUMBER IDENTIFIER
control field oapen
005 - DATE AND TIME OF LATEST TRANSACTION
control field 20260218110428.0
006 - FIXED-LENGTH DATA ELEMENTS--ADDITIONAL MATERIAL CHARACTERISTICS
fixed length control field m o d
007 - PHYSICAL DESCRIPTION FIXED FIELD--GENERAL INFORMATION
fixed length control field cr|mn|---annan
008 - FIXED-LENGTH DATA ELEMENTS--GENERAL INFORMATION
fixed length control field 240307s2024 xx |||||o ||| 0|eng d
020 ## - INTERNATIONAL STANDARD BOOK NUMBER
International Standard Book Number 9781837690268
020 ## - INTERNATIONAL STANDARD BOOK NUMBER
International Standard Book Number 9781837690275
020 ## - INTERNATIONAL STANDARD BOOK NUMBER
International Standard Book Number 9781837690282
020 ## - INTERNATIONAL STANDARD BOOK NUMBER
International Standard Book Number intechopen.110988
024 7# - OTHER STANDARD IDENTIFIER
Standard number or code 10.5772/intechopen.110988
Source of number or code doi
040 ## - CATALOGING SOURCE
Original cataloging agency oapen
Transcribing agency oapen
Modifying agency
041 0# - LANGUAGE CODE
Language code of text/sound track or separate title eng
042 ## - AUTHENTICATION CODE
Authentication code dc
245 00 - TITLE STATEMENT
Title Anomaly Detection
Remainder of title Recent Advances, AI and ML Perspectives and Applications
260 ## - PUBLICATION, DISTRIBUTION, ETC.
Name of publisher, distributor, etc. IntechOpen
Date of publication, distribution, etc. 2024
300 ## - PHYSICAL DESCRIPTION
Extent 1 online resource (168 p.)
336 ## - CONTENT TYPE
Content type term text
Content type code txt
Source rdacontent
337 ## - MEDIA TYPE
Media type term computer
Media type code c
Source rdamedia
338 ## - CARRIER TYPE
Carrier type term online resource
Carrier type code cr
Source rdacarrier
490 1# - SERIES STATEMENT
Series statement Artificial Intelligence
Volume/sequential designation 24
506 0# - RESTRICTIONS ON ACCESS NOTE
Standardized terminology for access restriction Unrestricted online access
Source of term star
520 ## - SUMMARY, ETC.
Summary, etc. This book discusses and addresses anomaly detection in the context of artificial intelligence and machine learning advancements. Building on the existing literature, this thorough and timely work is an invaluable resource. It highlights various problems, offers workable solutions to those problems, and allows academic and professional researchers and practitioners to engage in new technologies linked to anomaly detection. This book demystifies the challenges and presents solutions for detecting and understanding network anomalies. Whether you are a seasoned network professional or an enthusiast keen on cyber security, this volume promises insights that will fortify our connected futures. Join us in navigating the complexities of modern networks and championing a safer, more transparent digital era.
540 ## - TERMS GOVERNING USE AND REPRODUCTION NOTE
Terms governing use and reproduction Creative Commons
-- https://creativecommons.org/licenses/by/3.0/
-- cc
Uniform Resource Identifier <a href="https://creativecommons.org/licenses/by/3.0/">https://creativecommons.org/licenses/by/3.0/</a>
546 ## - LANGUAGE NOTE
Language note English
650 #7 - SUBJECT ADDED ENTRY--TOPICAL TERM
Topical term or geographic name entry element Data mining
Source of heading or term bicssc
720 1# - ADDED ENTRY--UNCONTROLLED NAME
Name Krishna Parimala, Venkata
Relator code edt
720 1# - ADDED ENTRY--UNCONTROLLED NAME
Name Krishna Parimala, Venkata
Relator code oth
793 0# -
-- DOAB Library.
856 ## - ELECTRONIC LOCATION AND ACCESS
Uniform Resource Identifier <a href="https://docs.google.com/spreadsheets/d/1yKIrdCPDAG_9c22mwoOIO2DOhtj65Wqa/edit?usp=sharing&ouid=106555315294820607512&rtpof=true&sd=true ">https://docs.google.com/spreadsheets/d/1yKIrdCPDAG_9c22mwoOIO2DOhtj65Wqa/edit?usp=sharing&ouid=106555315294820607512&rtpof=true&sd=true </a>
Link text List of Curated E-Books
942 ## - ADDED ENTRY ELEMENTS (KOHA)
Koha item type E-Book
Holdings
Withdrawn status Damaged status Not for loan Home library Current library Date acquired Total Checkouts Date last seen Price effective from Koha item type
      Directory of Open Access Books Directory of Open Access Books 12/09/2024   12/09/2024 12/09/2024 E-Book

University of Rizal System
Email us at univlibservices@urs.edu.ph

Visit our Website www.urs.edu.ph/library